[Event "2BLO 2122 FC Bayern München II - MSA Z"]
[Site "?"]
[Date "2022.07.03"]
[Round "10.3"]
[White "Hertneck, Gerald"]
[Black "Singer, Christoph"]
[Result "1-0"]
[WhiteElo "2467"]
[BlackElo "2332"]
[PlyCount "115"]
[EventDate "2022.??.??"]

1. d4 d5 2. c4 e6 3. Nf3 Nf6 4. Nc3 Be7 5. Bg5 O-O 6. e3 Nbd7 7. Rc1 a6 8. a3
dxc4 9. Bxc4 b5 10. Ba2 c5 11. O-O Bb7 12. Qe2 b4 13. axb4 cxb4 14. Na4 Qa5 15.
Bxf6 Nxf6 16. Bb3 Qh5 17. Nc5 Bc6 18. Rc2 a5 19. Ra1 Ra7 20. Ba4 Bxf3 21. Qxf3
Qxf3 22. gxf3 Rc8 23. Rac1 Bxc5 24. Rxc5 Rxc5 25. Rxc5 Kf8 26. e4 Ke7 27. Kf1
Nd7 28. Rc6 Nb8 29. Rb6 Nd7 30. Rb5 Kd6 31. Ke2 Kc7 32. Kd3 Nb6 33. Rc5+ Kd8
34. b3 Nxa4 35. bxa4 Kd7 36. f4 g6 37. f5 exf5 38. exf5 Kd6 39. h4 Ra6 40. fxg6
hxg6 41. h5 gxh5 42. Rxh5 Ra7 43. Rb5 Ra8 44. f4 Ra6 45. d5 Kc7 46. Kc2 Kd6 47.
Kd2 Kc7 48. Kd3 Ra7 49. Kc4 Kc8 50. d6 Ra8 51. Rb6 Kd7 52. Kd5 Ra7 53. f5 Ra8
54. Rb7+ Ke8 55. Re7+ Kf8 56. f6 Rb8 57. Re2 b3 58. d7 1-0

[Event "2BLO 2122 FC Bayern München II - MSA Z"]
[Site "?"]
[Date "2022.07.03"]
[Round "10.4"]
[White "Unzicker, Ferdinand"]
[Black "Zysk, Robert"]
[Result "1/2-1/2"]
[WhiteElo "2323"]
[BlackElo "2404"]
[PlyCount "40"]
[EventDate "2022.??.??"]

1. c4 e5 2. g3 Nf6 3. Bg2 c6 4. d4 Bb4+ 5. Bd2 Bxd2+ 6. Qxd2 d6 7. Nc3 O-O 8.
e3 Be6 9. b3 exd4 10. Qxd4 Qa5 11. Nge2 d5 12. cxd5 Nxd5 13. O-O Na6 14. b4
Ndxb4 15. Rab1 Nxa2 16. Nxa2 Bxa2 17. Rxb7 Rfb8 18. Bxc6 Rxb7 19. Bxb7 Rb8 20.
Ra1 Rxb7 1/2-1/2

[Event "2BLO 2122 FC Bayern München II - MSA Z"]
[Site "?"]
[Date "2022.07.03"]
[Round "10.5"]
[White "Raykhman, Alexander"]
[Black "Hoeglauer, Patrick"]
[Result "1/2-1/2"]
[WhiteElo "2378"]
[BlackElo "2262"]
[PlyCount "193"]
[EventDate "2022.??.??"]

1. d4 Nf6 2. c4 e6 3. Nf3 Bb4+ 4. Bd2 c5 5. Bxb4 cxb4 6. g3 O-O 7. Bg2 d6 8.
O-O Qe7 9. Qb3 a5 10. a3 Na6 11. Ne1 e5 12. Nc2 Bf5 13. Nd2 Bxc2 14. Qxc2 bxa3
15. bxa3 Rac8 16. Rab1 d5 17. dxe5 Qxe5 18. e3 Nc5 19. Rb5 a4 20. Rfb1 Rfd8 21.
cxd5 Nce4 22. Nc4 Qf5 23. f3 Rxc4 24. Qxc4 Nd2 25. Qc7 Ra8 26. Qxb7 Nxb1 27.
Rxb1 Qc2 28. e4 h5 29. Qb2 Qc5+ 30. Kh1 h4 31. Bh3 Re8 32. gxh4 Qe3 33. Bg2 Qf4
34. Qb5 Re5 35. Qb8+ Kh7 36. Rd1 Nxd5 37. h5 Nc3 38. Rf1 Rxe4 39. Qxf4 Rxf4 40.
Rc1 Nb5 41. Bf1 Nd6 42. Kg2 Rd4 43. Rc5 Kh6 44. Kg3 f5 45. Bh3 Kg5 46. Ra5 Kf6
47. Bf1 Kg5 48. Ra7 Kf6 49. h4 Rd1 50. Be2 Rd2 51. Kf2 Rd4 52. Kg3 Rd2 53. Ba6
Rd4 54. Rc7 Rd1 55. Rc6 Ke5 56. Rc5+ Kf6 57. Ra5 Rd4 58. Be2 Rd2 59. Bf1 Rd4
60. Rc5 Rd1 61. Bb5 Nxb5 62. Rxb5 Rd3 63. Ra5 Rxa3 64. Kf4 Kf7 65. Rxf5+ Kg8
66. Ra5 Ra1 67. Kf5 a3 68. h6 a2 69. f4 gxh6 70. h5 Kg7 71. Ra6 Kf7 72. Ra7+
Kg8 73. Kf6 Rf1 74. Ra8+ Kh7 75. Ra7+ Kg8 76. Rxa2 Rxf4+ 77. Kg6 Rf8 78. Ra6
Rf7 79. Ra8+ Rf8 80. Ra7 Rb8 81. Ra6 Kh8 82. Kxh6 Kg8 83. Rf6 Kh8 84. Rg6 Rb7
85. Re6 Rh7+ 86. Kg5 Rg7+ 87. Kf6 Rg1 88. Kf7 Rf1+ 89. Kg6 Rg1+ 90. Kh6 Rg8 91.
Rg6 Rxg6+ 92. hxg6 Kg8 93. Kg5 Kg7 94. Kf5 Kg8 95. Kf6 Kh8 96. g7+ Kg8 97. Kg6
1/2-1/2

[Event "2BLO 2122 FC Bayern München II - MSA Z"]
[Site "?"]
[Date "2022.07.03"]
[Round "10.6"]
[White "Schenk, Andreas"]
[Black "Hoffmeyer, Falk"]
[Result "1/2-1/2"]
[WhiteElo "2419"]
[BlackElo "2335"]
[PlyCount "71"]
[EventDate "2022.??.??"]

1. d4 d5 2. c4 e6 3. Nf3 Nf6 4. Nc3 Be7 5. Bf4 O-O 6. e3 b6 7. Rc1 dxc4 8. Bxc4
Bb7 9. O-O a6 10. a3 Nbd7 11. d5 exd5 12. Nxd5 Bd6 13. Bxd6 cxd6 14. Nf4 Ne5
15. Nd4 Nxc4 16. Rxc4 Rc8 17. Rxc8 Qxc8 18. Qd2 Ne4 19. Qe2 g6 20. f3 Nf6 21.
Qd2 Qd7 22. Rd1 Rd8 23. Rc1 Rc8 24. Rxc8+ Qxc8 25. h3 Nd7 26. Nde2 Qc5 27. Kf2
Ne5 28. Nd4 Qc4 29. b3 Qc5 30. a4 Qc7 31. Nfe2 Qc5 32. Kf1 Nd7 33. Nf4 Ne5 34.
Kf2 Qc7 35. Nd3 Qc8 36. Nf4 1/2-1/2

[Event "2BLO 2122 FC Bayern München II - MSA Z"]
[Site "?"]
[Date "2022.07.03"]
[Round "10.7"]
[White "Lammers, Markus"]
[Black "Rodewis, Thomas"]
[Result "1-0"]
[WhiteElo "2288"]
[BlackElo "2364"]
[PlyCount "63"]
[EventDate "2022.??.??"]

1. Nf3 d5 2. c4 c6 3. e3 Nf6 4. d4 Bg4 5. Nc3 e6 6. h3 Bh5 7. g4 Bg6 8. Ne5
Nbd7 9. Nxg6 hxg6 10. Bg2 g5 11. Qe2 g6 12. Bd2 Nb6 13. e4 Nxc4 14. Bxg5 Be7
15. exd5 cxd5 16. Bxf6 Bxf6 17. Nxd5 Bg7 18. Qxc4 exd5 19. Bxd5 O-O 20. O-O Rc8
21. Qb3 Bxd4 22. Rad1 Qf6 23. Qa4 Bxb2 24. Qxa7 b6 25. Rd3 Rc3 26. Rfd1 Re8 27.
Rxc3 Bxc3 28. Rd3 Re7 29. Qa4 Be5 30. Rf3 Qd6 31. Rxf7 Bh2+ 32. Kf1 1-0

[Event "2BLO 2122 FC Bayern München II - MSA Z"]
[Site "?"]
[Date "2022.07.03"]
[Round "10.8"]
[White "Lentrodt, Thomas"]
[Black "Heydari, Edwin"]
[Result "1-0"]
[WhiteElo "2240"]
[BlackElo "1727"]
[PlyCount "133"]
[EventDate "2022.??.??"]

1. d4 d5 2. Nf3 Nf6 3. c4 e6 4. Nc3 c6 5. e3 Nbd7 6. Qc2 a5 7. a3 dxc4 8. Bxc4
b5 9. Be2 Bb7 10. e4 Rc8 11. e5 Nd5 12. Nxd5 exd5 13. Bd2 Be7 14. h4 Nf8 15.
Bd3 Qb6 16. Bf5 Rc7 17. b4 axb4 18. axb4 Ne6 19. Bxe6 fxe6 20. Qc3 Bc8 21. Bg5
Bf8 22. h5 h6 23. Bh4 Ra7 24. O-O Ra4 25. Rab1 Qa6 26. Rfc1 Bd7 27. Rb3 Kf7 28.
Ne1 Be8 29. Nd3 Kg8 30. Nf4 Qc8 31. Ng6 Bxg6 32. hxg6 Ra6 33. Ra3 Rxa3 34. Qxa3
h5 35. Qf3 Qe8 36. Rxc6 Qxg6 37. Rc8 Qb1+ 38. Kh2 Qxb4 39. Qh3 Kh7 40. Qxe6
Qxd4 41. Qf5+ g6 42. Rc7+ Bg7 43. Rxg7+ Kxg7 44. Bf6+ Kh6 45. Qg5+ Kh7 46. Bxh8
Kxh8 47. Qh6+ Kg8 48. Qxg6+ Kf8 49. Qf6+ Ke8 50. Qh8+ Ke7 51. Qg7+ Ke8 52. Qg6+
Ke7 53. Qd6+ Ke8 54. e6 Qh4+ 55. Kg1 Qd8 56. Qf4 Qe7 57. Qe5 Qd8 58. Qxh5+ Ke7
59. Qg5+ Ke8 60. Qg7 Qe7 61. Qh8+ Qf8 62. Qh5+ Ke7 63. Qxd5 b4 64. Qc5+ Ke8 65.
Qb5+ Ke7 66. Qxb4+ Ke8 67. Qxf8+ 1-0